Catálogo

Nuevas relaciones humanas en el núcleo familiar / (Registro nro. 54344)

Detalles MARC
000 -LEADER
fixed length control field 01456cam a2200361 i 4500
001 - CONTROL NUMBER
control field 54344
003 - CONTROL NUMBER IDENTIFIER
control field Mx-PuUPA
005 - DATE AND TIME OF LATEST TRANSACTION
control field 20260220100005.0
008 - FIXED-LENGTH DATA ELEMENTS--GENERAL INFORMATION
fixed length control field 140415s2002 mx a gr 000 0 spa d
020 ## - INTERNATIONAL STANDARD BOOK NUMBER
International Standard Book Number 9789688606537
040 ## - CATALOGING SOURCE
Original cataloging agency Mx-PuUPA
Language of cataloging spa
Transcribing agency Mx-PuUPA
Modifying agency Mx-PuUPA
Description conventions rda
041 1# - LANGUAGE CODE
Language code of text/sound track or separate title spa
Language code of original eng
043 ## - GEOGRAPHIC AREA CODE
Geographic area code n-us---
100 1# - MAIN ENTRY--PERSONAL NAME
Personal name Satir, Virginia,
Dates associated with a name 1916-1988
9 (RLIN) 11431
Relator term autor
240 14 - UNIFORM TITLE
Uniform title The new peoplemaking.
Language of a work Español
245 10 - TITLE STATEMENT
Title Nuevas relaciones humanas en el núcleo familiar /
Statement of responsibility, etc. Virginia Satir ; traducción, José Ignacio Rodríguez y Martínez
250 ## - EDITION STATEMENT
Edition statement Segunda edición
264 #1 - PRODUCTION, PUBLICATION, DISTRIBUTION, MANUFACTURE, AND COPYRIGHT NOTICE
Place of production, publication, distribution, manufacture México, D.F. :
Name of producer, publisher, distributor, manufacturer Editorial Pax México : Librería Carlos Cesarman,
Date of production, publication, distribution, manufacture, or copyright notice ©2002
300 ## - PHYSICAL DESCRIPTION
Extent 403 páginas :
Other physical details ilustraciones ;
Dimensions 21 cm
336 ## - CONTENT TYPE
Fuente rdacontent
Content type term texto
Content type code txt
336 ## - CONTENT TYPE
Fuente rdamedia
Content type term imagen fija
Content type code sti
337 ## - MEDIA TYPE
Source rdamedia
Media type term sin medio
Media type code n
338 ## - CARRIER TYPE
Source rdacarrier
Carrier type term volumen
Carrier type code nc
650 #7 - SUBJECT ADDED ENTRY--TOPICAL TERM
Source of heading or term armarc
Topical term or geographic name entry element Familias
Geographic subdivision Estados Unidos
General subdivision Aspectos psicológicos
650 #7 - SUBJECT ADDED ENTRY--TOPICAL TERM
Source of heading or term armarc
Topical term or geographic name entry element Comunicación familiar
Geographic subdivision Estados Unidos
650 #7 - SUBJECT ADDED ENTRY--TOPICAL TERM
Source of heading or term armarc
Topical term or geographic name entry element Padres e hijos
Geographic subdivision Estados Unidos
650 #7 - SUBJECT ADDED ENTRY--TOPICAL TERM
Source of heading or term armarc
Topical term or geographic name entry element Relaciones interpersonales
700 1# - ADDED ENTRY--PERSONAL NAME
Personal name Rodríguez y Martínez, José Ignacio,
Relator term traductor
765 0# - ORIGINAL LANGUAGE ENTRY
Main entry heading Satir, Virginia, 1916-1988
Place, publisher, and date of publication Palo Alto, California : Sciencie and Behavior Books, ©1976
Title The new peoplemaking.
942 ## - ADDED ENTRY ELEMENTS (KOHA)
Source of classification or shelving scheme Dewey Decimal Classification
Koha item type Libro
Classification part 306.850973
Item part S2518
Existencias
Withdrawn status Lost status Source of classification or shelving scheme Damaged status Not for loan Collection code Home library Current library Shelving location Date acquired Source of acquisition Total Checkouts Total Renewals Full call number Barcode Date last seen Date last checked out Copy number Price effective from Koha item type
    Dewey Decimal Classification     General Biblioteca Karol Wojtyla Biblioteca Karol Wojtyla Sala general 03/12/2013 Compra 3 1 306.850973 S2518 2002 81194 25/02/2026 01/12/2023 Ej.2 03/12/2013 Libro
    Dewey Decimal Classification     General Biblioteca Karol Wojtyla Biblioteca Karol Wojtyla Sala general 03/12/2013 Compra 3   306.850973 S2518 2002 81195 25/02/2026 09/11/2019   03/12/2013 Libro
    Dewey Decimal Classification     General Biblioteca Karol Wojtyla Biblioteca Karol Wojtyla Sala general 03/12/2013 Compra 1   306.850973 S2518 2002 81193 25/02/2026 08/12/2018 Ej.3 03/12/2013 Libro
    Dewey Decimal Classification     General Tehuacán Tehuacán Sala general 03/12/2013 Compra     153 504866 08/01/2025     03/12/2013 Libro
    Dewey Decimal Classification     General Tehuacán Tehuacán Sala general 03/12/2013 Compra 1   306.850973 S2518 2002 968000003059 03/03/2026 09/04/2019   03/12/2013 Libro